Quel compositeur a composé les musiques de ces films? - Statistiques

Statistiques générales
  • Ce quiz a été pris 432 fois
    417 depuis la dernière actualisation
  • Le résultat moyen est 5 sur 16
Statistiques - réponses
Films Réponse % Correct
Interstellar, Inception, Le Roi Lion, Gladiator... Hans Zimmer
87%
Star Wars, Jurassic Park, Harry Potter (1,2,3), E.T l'extra-terrestre... John Williams
83%
Le Bon, la Brute et le Truand, Il était une fois dans l'ouest, Les incorruptibles, Les Huits salopards... Ennio Morricone
63%
Titanic, Jumanji, Avatar, The amazing Spider-Man... James Horner
30%
Retour vers le futur, Forrest Gump, Predator, Ready Player One... Alan Silvestri
28%
Harry Potter (7 pt1 et 7 pt 2), Valérian et la cité des mille planètes, La forme de l'eau, Les Quatre filles du docteur March... Alexandre Desplat
28%
Le silence des agneaux, Le seigneur des anneaux, Le Hobbit, Le loup de Wall Street... Howard Shore
26%
Game of Thrones, Prison Break, Iron Man, Pacific Rim... Ramin Djawadi
25%
Mars attack, Men in black, Charlie et la chocolaterie, Alice au pays des merveilles... Danny Elfman
24%
The Mandalorian, Tenet, Black Panther, Venom... Ludwig Goransson
16%
Pretty Woman, Je suis une légende, Hunger Games, Les animaux fantastiques... James Newton Howard
15%
Le Monde de Narnia, Shrek, En eaux troubles, Mulan... Harry Gregson Williams
12%
Doctor Strange, Rogue One: A Star Wars Story, Là Haut, Vice-Versa... Michael Giacchino
12%
Skyfall, Spectre, Passengers, 1917... Thomas Newman
12%
Les misérables, Cinq jours en juin, La baie des anges, Yentl... Michel Legrand
4%
Terminator, Les yeux de la terreur, Les accusés, Piège en eaux troubles... Brad Fiedel
3%
Aucun quiz correspondant
Distribution des résultats
% des personnes avec chaque résultat
Percentile par nombre de réponses
Votre historique - résultats
Vous n’avez pas pris ce quiz depuis la dernière actualisation